Byzance et l'europe carolingienne - 5ème - Statistiques

Statistiques générales
  • Ce quiz a été pris 330 fois
  • Le résultat moyen est 7 sur 10
Statistiques - réponses
Question Réponse % Correct
Quelle ville est la capitale de l'empire carolingien ? Aix-la-Chapelle
96%
Quel empereur byzantin mène une grande reconquête territoriale au VIème siècle ? Justinien
95%
Comment appelle t-on aussi l'empire romain d'orient ? L'empire byzantin
95%
Quel autre nom donne t-on à l'empereur byzantin ? Basileus
89%
Quelle année retient on généralement comme l'année de rupture entre les églises d'orient et d'occident 1054
77%
Quand Charlemagne est-il sacré empereur ? 25 décembre 800
57%
Comment appelle t-on l'Eglise d'Occident ? Catholique
56%
Quel nom donne t-on à l'ensemble des territoires européens qui pratiquent le christianisme ? La Chrétienté
53%
Quel nom donne t-on au découpage de l'empire carolingien en 843 ? Le traité de Verdun
48%
Quel peuple n'attaque pas l'empire carolingien au IXème siècle ? Huns
33%
Aucun quiz correspondant
Distribution des résultats
% des personnes avec chaque résultat
Percentile par nombre de réponses
Votre historique - résultats
Vous n’avez pas pris ce quiz